Country with the lowest HDI - Statistics

General Stats
  • This quiz has been taken 35 times
  • The average score is 23 of 25
Answer Stats
Rank Country % Correct
188 Central African Republic
100%
189 Niger
100%
184 Mali
97%
186 South Sudan
97%
168 Sudan
97%
167 Togo
97%
187 Chad
94%
175 Guinea
94%
178 Guinea-Bissau
94%
182 Burkina Faso
91%
173 Ethiopia
91%
174 Gambia
91%
181 Sierra Leone
91%
170 Afghanistan
89%
185 Burundi
89%
179 Democratic Republic Of Congo
89%
183 Eritrea
89%
169 Haiti
89%
176 Liberia
89%
177 Yemen
89%
165 Ivory Coast
86%
180 Mozambique
83%
166 Senegal
83%
172 Malawi
80%
171 Djibouti
74%
No matching quizzes found
Score Distribution
Percent of People with Each Score
Percentile by Number Answered
Your Score History
You have not taken this quiz